000 00656nam a2200193 a 4500
001 000015663
003 DO-SdBNP
005 20220504095918.0
007 ta
008 100217s1985 dr 001 0 spa d
040 _aDO-SdBNP
_bspa
_cBNPHU
100 1 _aRaimundo, Daniel Efraín
_935315
245 1 0 _aHerramientas para el predicador :
_buna guía introductoria /
_cDaniel Efraín Raimundo ; prólogo Marco Antonio Ramo.
260 _aSanto Domingo :
_bGente Joven ;
_bLibrary of congress Office,
_c1985.
_fTaller
300 _a118 p. ;
_c22 cm.
504 _aBibliografía : (p. 117)
700 1 _aRamo, Marco Antonio
_epról.
_935316
942 _2ddc
_cLBS1
999 _c15215
_d15215